000 00955nam a2200313 i 4500
001 bg
100 1 _aFOLTYŃSKA, Izabela.
245 1 0 _aMatematyka dla studentów uczelni technicznych.
_nCz. 1 /
_cIzabela Fołtyńska, Zbigniew Ratajczak, Zdzisław Szafrański.
250 _aWyd. 4 popr.
260 _aPoznań :
_bWydaw. Politechniki Poznańskiej,
_c2003.
300 _a282 s. :
_brys., wykr. ;
_c24 cm.
504 _aBibliogr. s. 279. Indeks.
650 9 _aMatematyka
650 9 _aMacierze
650 9 _aRównania algebraiczne
650 9 _aWyznaczniki
650 9 _aGeometria analityczna
650 9 _aRachunek różniczkowy
655 _aPodręczniki akademickie
700 1 _aRATAJCZAK, Zbigniew
700 1 _aSZAFRAŃSKI, Zdzisław
020 _a837143135X (cz. 1)
040 _cBPK
041 0 _apol
080 _a51(075.8)
920 _a83-7143-135-X (cz. 1)
942 _cKS
008 s pl f |000 0 pol
999 _c44551
_d44551
856 _uhttp://koha.tu.koszalin.pl/cgi-bin/koha/opac-detail.pl?biblionumber=44551
_yKatalog online BPK